The talented Miss Farwell : (Record no. 366650)
[ view plain ]
| 000 -LEADER | |
|---|---|
| fixed length control field | 01452nam a22002057a 4500 |
| 003 - CONTROL NUMBER IDENTIFIER | |
| control field | 0 |
| 005 - DATE AND TIME OF LATEST TRANSACTION | |
| control field | 20241029095623.0 |
| 008 - FIXED-LENGTH DATA ELEMENTS--GENERAL INFORMATION | |
| fixed length control field | 241029b xxu||||| |||| 00| 0 eng d |
| 020 ## - INTERNATIONAL STANDARD BOOK NUMBER | |
| International Standard Book Number | 9780062897725 |
| 050 ## - LIBRARY OF CONGRESS CALL NUMBER | |
| Classification number | PS 3620 |
| Item number | .T257 2020 |
| 100 ## - MAIN ENTRY--PERSONAL NAME | |
| Personal name | Tedrowe, Emily Gray, |
| Relator term | author. |
| 245 ## - TITLE STATEMENT | |
| Title | The talented Miss Farwell : |
| Remainder of title | a novel / |
| Statement of responsibility, etc | Emily Gray Tedrowe. |
| 260 ## - PUBLICATION, DISTRIBUTION, ETC. (IMPRINT) | |
| Place of publication, distribution, etc | New York, NY : |
| Name of publisher, distributor, etc | Custom House, |
| Date of publication, distribution, etc | 2020. |
| 300 ## - PHYSICAL DESCRIPTION | |
| Extent | 341 p. ; |
| Dimensions | 24 cm. |
| 520 ## - SUMMARY, ETC. | |
| Summary, etc | "At the end of the 1990s, with the art market finally recovered from its disastrous collapse, Miss Rebecca Farwell has made a killing at Christie's in New York City, selling a portion of her extraordinary art collection for a rumored 900 percent profit. Dressed in couture YSL, drinking the finest champagne at trendy Balthazar, Reba, as she's known, is the picture of a wealthy art collector. To some, the elusive Miss Farwell is a shark with outstanding business acumen. To others, she's a heartless capitalist whose only interest in art is how much she can make. But a thousand miles from the Big Apple, in the small town of Pierson, Illinois, Miss Farwell is someone else entirely, a quiet single woman known as Becky who still lives in her family's farmhouse, wears sensible shoes, and works tirelessly as the town's treasurer and controller."--Publisher. |
| 650 ## - SUBJECT ADDED ENTRY--TOPICAL TERM | |
| Topical term or geographic name as entry element | Swindlers and swindling |
| Form subdivision | Fiction. |
| 650 ## - SUBJECT ADDED ENTRY--TOPICAL TERM | |
| Topical term or geographic name as entry element | Suspense fiction. |
| 650 ## - SUBJECT ADDED ENTRY--TOPICAL TERM | |
| Topical term or geographic name as entry element | Impersonation |
| Form subdivision | Fiction. |
| 942 ## - ADDED ENTRY ELEMENTS (KOHA) | |
| Source of classification or shelving scheme | Library of Congress Classification |
| Koha item type | Books |
| Withdrawn status | Lost status | Source of classification or shelving scheme | Damaged status | Home library | Current library | Shelving location | Date acquired | Source of acquisition | Sub Shelving location | Total Checkouts | Full call number | Barcode | Date last seen | Price effective from | Koha item type |
|---|---|---|---|---|---|---|---|---|---|---|---|---|---|---|---|
| Library of Congress Classification | Luxembourg Library | Luxembourg Library | Fiction Section | 10/18/2024 | Donation | PS 3620 .T257 2020 | 21298 | 10/29/2024 | 10/29/2024 | Books |